[Event "SVK-ch U10"]
[Site "Stara Lubovna"]
[Date "2021.06.30"]
[Round "6"]
[White "Pisarcik, Richard"]
[Black "Livnansky, Michal"]
[Result "0-1"]
[WhiteElo "1201"]
[BlackElo "1217"]
[PlyCount "72"]
[EventDate "2021.06.26"]
[EventType "swiss"]
[EventRounds "9"]
[EventCountry "SVK"]
[SourceTitle "CBM 203 Extra"]
[Source "ChessBase"]
[SourceDate "2021.09.30"]
[SourceVersion "1"]
[SourceVersionDate "2021.09.30"]
[SourceQuality "1"]

1. e4 c5 2. Nf3 Nc6 3. Bb5 g6 4. Nc3 Bg7 5. 0-0 d6 6. d4 cxd4 7. Nxd4 Bd7 8. Bxc6 bxc6 9. f4 Qc7 10. f5 c5 11. Nde2 Bc6 12. Nd5 Qb7 13. c3 gxf5 14. Nef4 fxe4 15. Qh5 Bxd5 16. Nxd5 Nf6 17. Qg5 Qxd5 18. Qxg7 Rg8 19. Qh6 e3 20. Qh3 e2 21. Re1 Qe4 22. b4 cxb4 23. cxb4 Nd5 24. b5 Qd4+ 25. Kh1 Qxa1 26. Qxh7 Qg7 27. Qe4 e6 28. Rxe2 Rc8 29. Bd2 Qg4 30. Qd3 Nf4 31. Bxf4 Qxf4 32. Re1 Qf2 33. Qe2 Qxe2 34. Rg1 Qxg2+ 35. Rxg2 Rc1+ 36. Rg1 Rgxg1# 0-1

[Event "SVK-ch U10"]
[Site "Stara Lubovna"]
[Date "2021.06.28"]
[Round "4"]
[White "Jursa, Juraj"]
[Black "Pisarcik, Richard"]
[Result "0-1"]
[WhiteElo "1240"]
[BlackElo "1201"]
[PlyCount "50"]
[EventDate "2021.06.26"]
[EventType "swiss"]
[EventRounds "9"]
[EventCountry "SVK"]
[SourceTitle "CBM 203 Extra"]
[Source "ChessBase"]
[SourceDate "2021.09.30"]
[SourceVersion "1"]
[SourceVersionDate "2021.09.30"]
[SourceQuality "1"]

1. e4 e5 2. Nf3 Nf6 3. d4 exd4 4. e5 Nd5 5. Qxd4 Nb6 6. Bg5 Be7 7. Bd3 Bxg5 8. Qg4 Bh6 9. Nd4 d5 10. Bf5 Bxf5 11. Nxf5 Qg5 12. Qh3 Qc1+ 13. Ke2 Qxc2+ 14. Ke1 Qc1+ 15. Ke2 Qxb2+ 16. Kf3 Nc4 17. Nxg7+ Kd8 18. Qh4+ Kc8 19. Qxh6 Nxe5+ 20. Kf4 Qd4+ 21. Kf5 Qe4+ 22. Kg5 Qg4+ 23. Kf6 Ned7+ 24. Kxf7 Rf8+ 25. Ke7 Nc6+ 0-1

[Event "SVK-ch U10"]
[Site "Stara Lubovna"]
[Date "2021.06.28"]
[Round "3"]
[White "Pisarcik, Richard"]
[Black "Sotnik, Simon"]
[Result "1-0"]
[WhiteElo "1201"]
[BlackElo "1000"]
[PlyCount "83"]
[EventDate "2021.06.26"]
[EventType "swiss"]
[EventRounds "9"]
[EventCountry "SVK"]
[SourceTitle "CBM 203 Extra"]
[Source "ChessBase"]
[SourceDate "2021.09.30"]
[SourceVersion "1"]
[SourceVersionDate "2021.09.30"]
[SourceQuality "1"]

1. e4 e6 2. d4 d5 3. e5 c5 4. c3 Nh6 5. Nf3 Nc6 6. Bg5 Be7 7. Be3 Nf5 8. Bd3 c4 9. Bc2 Qb6 10. b3 Bg5 11. Bxg5 cxb3 12. axb3 h6 13. Be3 0-0 14. 0-0 Qd8 15. Qd2 f6 16. h3 fxe5 17. dxe5 b6 18. b4 Nb8 19. Na3 Ba6 20. Rfd1 Bb7 21. Qe2 Ba6 22. b5 Bb7 23. c4 d4 24. Bxf5 Rxf5 25. Nxd4 Rg5 26. Bxg5 Qxg5 27. Nf3 Qg6 28. Rd8+ Kh7 29. Nc2 Nc6 30. Rxa8 Bxa8 31. bxc6 Bxc6 32. Rxa7 Be4 33. Nh4 Bf3 34. Qxf3 Qxc2 35. Qg4 Qc1+ 36. Kh2 Qg5 37. Qe4+ Kg8 38. Ra8+ Kf7 39. Qf3+ Ke7 40. Qf8+ Kd7 41. Qe8+ Kc7 42. Qc8# 1-0

[Event "SVK-ch U10"]
[Site "Stara Lubovna"]
[Date "2021.06.27"]
[Round "2"]
[White "Meszaros, Casey Ryan"]
[Black "Pisarcik, Richard"]
[Result "1-0"]
[WhiteElo "1488"]
[BlackElo "1201"]
[PlyCount "81"]
[EventDate "2021.06.26"]
[EventType "swiss"]
[EventRounds "9"]
[EventCountry "SVK"]
[SourceTitle "CBM 203 Extra"]
[Source "ChessBase"]
[SourceDate "2021.09.30"]
[SourceVersion "1"]
[SourceVersionDate "2021.09.30"]
[SourceQuality "1"]

1. e4 d6 2. Nf3 g6 3. Nc3 Bg7 4. d4 Nf6 5. Be3 c6 6. Bd3 b5 7. a3 Nbd7 8. 0-0 Nb6 9. h3 Nc4 10. Bxc4 bxc4 11. Qd2 Rb8 12. Rab1 Bb7 13. Bh6 Bxh6 14. Qxh6 Qc7 15. e5 dxe5 16. dxe5 Nh5 17. Rfe1 c5 18. Ne4 Bxe4 19. Rxe4 c3 20. b4 a5 21. b5 c4 22. e6 f6 23. a4 Qc5 24. Rg4 Qd6 25. Rxg6 Nf4 26. Rg7 Nxe6 27. Qh5+ Kd8 28. Rg4 Rc8 29. b6 Nc5 30. Rd4 Nxa4 31. Rxd6+ exd6 32. Qxa5 Nxb6 33. Qxb6+ Kd7 34. Rd1 Rc6 35. Qb7+ Rc7 36. Qd5 Rc6 37. Qf7+ Kc8 38. Ra1 Rb6 39. Ra7 Rb7 40. Rxb7 Kd8 41. Rb8# 1-0

[Event "SVK-ch U10"]
[Site "Stara Lubovna"]
[Date "2021.06.26"]
[Round "1"]
[White "Pisarcik, Richard"]
[Black "Slivka, Martin"]
[Result "1-0"]
[WhiteElo "1201"]
[BlackElo "1000"]
[PlyCount "67"]
[EventDate "2021.06.26"]
[EventType "swiss"]
[EventRounds "9"]
[EventCountry "SVK"]
[SourceTitle "CBM 203 Extra"]
[Source "ChessBase"]
[SourceDate "2021.09.30"]
[SourceVersion "1"]
[SourceVersionDate "2021.09.30"]
[SourceQuality "1"]

1. e4 e5 2. Nf3 Nc6 3. Bc4 Bc5 4. 0-0 Nf6 5. Nc3 0-0 6. d3 h6 7. Be3 Bxe3 8. fxe3 d6 9. h3 Be6 10. Bd5 Qe7 11. Bxc6 bxc6 12. Ne2 Nh5 13. Nh2 Qg5 14. Rf3 d5 15. exd5 cxd5 16. Qf1 e4 17. Rf2 exd3 18. cxd3 Bxh3 19. Nf3 Qg6 20. Ne5 Qg5 21. Nf3 Qg6 22. Ne5 Qg5 23. Nxf7 Rxf7 24. Rxf7 Re8 25. Nf4 Rf8 26. Rxf8+ Kxf8 27. Ne6+ Kg8 28. Nxg5 hxg5 29. gxh3 Ng3 30. Qf3 Kh7 31. Qxg3 g6 32. Rf1 Kh6 33. Qe5 c6 34. Qh8# 1-0

[Event "SVK-ch U08"]
[Site "Lubovna"]
[Date "2020.08.21"]
[Round "8"]
[White "Horny, Michal"]
[Black "Pisarcik, Richard"]
[Result "0-1"]
[WhiteElo "1000"]
[BlackElo "1172"]
[PlyCount "64"]
[EventDate "2020.08.15"]
[EventType "tourn"]
[EventRounds "9"]
[EventCountry "SVK"]
[SourceTitle "EXT 2021"]
[Source "ChessBase"]
[SourceDate "2020.10.23"]
[SourceVersion "1"]
[SourceVersionDate "2020.10.23"]
[SourceQuality "1"]

1. e4 e5 2. Nf3 Nc6 3. Bc4 Bc5 4. 0-0 Nf6 5. c3 0-0 6. d4 exd4 7. cxd4 Bb4 8. Bg5 h6 9. Bh4 d6 10. e5 g5 11. Nxg5 dxe5 12. dxe5 Qxd1 13. Rxd1 Nxe5 14. Bb3 hxg5 15. Bxg5 Kg7 16. a3 Bc5 17. Bxf6+ Kxf6 18. Rc1 b6 19. Bd5 c6 20. Be4 Rd8 21. h3 Bf5 22. Bf3 Nxf3+ 23. gxf3 Rg8+ 24. Kf1 Bxh3+ 25. Ke2 Rae8+ 26. Kd3 Bg2 27. Nc3 Bxf3 28. Rf1 Rd8+ 29. Kc2 Bd4 30. Rac1 Bxc3 31. Kxc3 Rd5 32. b4 Rgd8 0-1

[Event "SVK-ch U08"]
[Site "Lubovna"]
[Date "2020.08.20"]
[Round "7"]
[White "Pisarcik, Richard"]
[Black "Livnansky, Tomas"]
[Result "1-0"]
[WhiteElo "1172"]
[BlackElo "1133"]
[PlyCount "45"]
[EventDate "2020.08.15"]
[EventType "tourn"]
[EventRounds "9"]
[EventCountry "SVK"]
[SourceTitle "EXT 2021"]
[Source "ChessBase"]
[SourceDate "2020.10.23"]
[SourceVersion "1"]
[SourceVersionDate "2020.10.23"]
[SourceQuality "1"]

1. e4 e5 2. Nc3 Nf6 3. f4 exf4 4. d4 d5 5. Bd3 Nc6 6. Nf3 Bg4 7. h3 Bh5 8. 0-0 Nxd4 9. Bxf4 Nxf3+ 10. Rxf3 Bxf3 11. Qxf3 dxe4 12. Bxe4 Nxe4 13. Qxe4+ Be7 14. Rd1 Qc8 15. Nd5 Kf8 16. Qxe7+ Kg8 17. Re1 Qf8 18. Nxc7 Qxe7 19. Rxe7 Kf8 20. Bd6 f6 21. Nxa8 Rg8 22. Nc7 g5 23. Ne6# 1-0